[Event "Mike Shpan mem."]
[Site "Winnipeg CAN"]
[Date "2007.11.06"]
[Round "1"]
[White "Wasserman, Arie"]
[Black "Rutter, Blair"]
[Result "1-0"]
[WhiteElo "1583"]
[BlackElo "1880"]
[PlyCount "143"]
[GameId "2160767910574396"]
[EventDate "2007.11.06"]
[EventType "swiss"]
[EventRounds "6"]
[EventCountry "CAN"]
[SourceTitle "EXT 2022"]
[Source "ChessBase"]
[SourceDate "2021.10.06"]
[SourceVersion "1"]
[SourceVersionDate "2021.10.06"]
[SourceQuality "1"]

1. e4 e6 2. d4 d5 3. e5 c5 4. Bb5+ Nc6 5. Bxc6+ bxc6 6. c3 Ne7 7. Bg5 Qb6 8. b3 cxd4 9. Qxd4 c5 10. Qe3 Nf5 11. Qf3 Bb7 12. Qg4 d4 13. Ne2 h6 14. Bd2 d3 15. Ng3 Nxg3 16. Qxg3 O-O-O 17. Na3 Qc6 18. O-O f5 19. Nc4 Ba8 20. Qg6 Be7 21. f3 Rhg8 22. Rad1 Qd7 23. Be3 Rde8 24. Nb2 Qc6 25. Rxd3 Bb7 26. Nc4 Ba6 27. Nd6+ Bxd6 28. Rxd6 Qb7 29. Rxe6 Bb5 30. Rxe8+ Rxe8 31. Qxf5+ Bd7 32. e6 Rxe6 33. Qxc5+ Rc6 34. Qf8+ Kc7 35. Bf4+ Kb6 36. Qxg7 a5 37. Qd4+ Ka6 38. Qd3+ Ka7 39. Be3+ Ka8 40. Rd1 Bc8 41. a4 Qxb3 42. Rb1 Qf7 43. Qb5 Qc7 44. Bb6 Qb7 45. Qxa5+ Qa6 46. Qxa6+ Bxa6 47. Bd4 Bd3 48. Rb6 Rc4 49. a5 Ra4 50. Rxh6 Rxa5 51. g4 Kb7 52. f4 Kc8 53. f5 Kd7 54. h4 Ke7 55. Kf2 Kf7 56. Ke3 Be2 57. Kf4 Ra1 58. Rh7+ Kf8 59. Ke5 Bd1 60. Kf4 Ra2 61. Kg5 Ra6 62. Rd7 Bf3 63. h5 Ke8 64. Ra7 Rd6 65. h6 Bxg4 66. Kxg4 Rxh6 67. Kg5 Rh3 68. f6 Rf3 69. f7+ Kd8 70. Ra8+ Ke7 71. Bc5+ Ke6 72. f8=Q 1-0

[Event "Mike Shpan mem."]
[Site "Winnipeg CAN"]
[Date "2007.11.13"]
[Round "2"]
[White "Crawford, Gary"]
[Black "Campbell, Gary"]
[Result "1-0"]
[WhiteElo "1285"]
[BlackElo "1665"]
[PlyCount "50"]
[GameId "2160767910574397"]
[EventDate "2007.11.06"]
[EventType "swiss"]
[EventRounds "6"]
[EventCountry "CAN"]
[SourceTitle "EXT 2022"]
[Source "ChessBase"]
[SourceDate "2021.10.06"]
[SourceVersion "1"]
[SourceVersionDate "2021.10.06"]
[SourceQuality "1"]

1. e4 c5 2. Nf3 Nc6 3. c3 d5 4. exd5 Qxd5 5. h3 Nf6 6. Be2 e5 7. d3 Be7 8. Nbd2 O-O 9. O-O Bf5 10. Qb3 Qxb3 11. Nxb3 Rfd8 12. Rd1 Rd7 13. Be3 b6 14. d4 Bc2 15. Rd2 Bxb3 16. axb3 cxd4 17. cxd4 e4 18. Bb5 Rc7 19. Bxc6 Rxc6 20. Ne5 Rc7 21. d5 Bd6 22. Nc4 Bb4 23. Rdd1 b5 24. d6 Rd7 25. Nb6 axb6 1-0

[Event "Mike Shpan mem."]
[Site "Winnipeg CAN"]
[Date "2007.11.13"]
[Round "2"]
[White "Green, Jim"]
[Black "Oberton, Daniel"]
[Result "1/2-1/2"]
[WhiteElo "1725"]
[BlackElo "1978"]
[PlyCount "63"]
[GameId "2160767910574399"]
[EventDate "2007.11.06"]
[EventType "swiss"]
[EventRounds "6"]
[EventCountry "CAN"]
[SourceTitle "EXT 2022"]
[Source "ChessBase"]
[SourceDate "2021.10.06"]
[SourceVersion "1"]
[SourceVersionDate "2021.10.06"]
[SourceQuality "1"]

1. e4 c5 2. Nf3 d6 3. Bb5+ Bd7 4. Bxd7+ Nxd7 5. O-O Ngf6 6. Qe2 g6 7. e5 dxe5 8. Nxe5 Bg7 9. Nxd7 Qxd7 10. Re1 e6 11. d3 Nd5 12. Nd2 O-O 13. Nb3 b6 14. Rd1 Rfd8 15. a3 Qa4 16. Rb1 Rac8 17. Na1 c4 18. dxc4 Qxc4 19. Qxc4 Rxc4 20. Rd3 Rdc8 21. g3 b5 22. Bd2 Ra4 23. c3 a5 24. Nc2 Rac4 25. Ne3 Nxe3 26. Bxe3 b4 27. axb4 axb4 28. Rbd1 h5 29. cxb4 Rxb4 30. b3 Bb2 31. Bd2 Rb5 32. Rb1 1/2-1/2

[Event "Mike Shpan mem."]
[Site "Winnipeg CAN"]
[Date "2007.11.13"]
[Round "2"]
[White "Kaptsan, Aron"]
[Black "Greenberg, Harley"]
[Result "0-1"]
[WhiteElo "2003"]
[BlackElo "1800"]
[PlyCount "46"]
[GameId "2160767910574400"]
[EventDate "2007.11.06"]
[EventType "swiss"]
[EventRounds "6"]
[EventCountry "CAN"]
[SourceTitle "EXT 2022"]
[Source "ChessBase"]
[SourceDate "2021.10.06"]
[SourceVersion "1"]
[SourceVersionDate "2021.10.06"]
[SourceQuality "1"]

1. e4 c5 2. d4 cxd4 3. Nf3 Nc6 4. Nxd4 e5 5. Nb3 Nf6 6. Nc3 Bb4 7. Bc4 O-O 8. O-O Bxc3 9. bxc3 Qc7 10. Qd3 d6 11. Bg5 Ne7 12. Bxf6 gxf6 13. f4 exf4 14. Nd4 Ng6 15. Bb3 a6 16. Qd2 Bd7 17. Ne2 Qc5+ 18. Kh1 Bb5 19. c4 Bc6 20. Nxf4 Bxe4 21. Nh5 Qxh5 22. Qxd6 Rad8 23. Qxf6 Nh4 0-1

[Event "Mike Shpan mem."]
[Site "Winnipeg CAN"]
[Date "2007.11.13"]
[Round "2"]
[White "Kwiatek, Jordan"]
[Black "Schulz, Waldemar"]
[Result "0-1"]
[WhiteElo "1851"]
[BlackElo "2032"]
[PlyCount "84"]
[GameId "2160767910574401"]
[EventDate "2007.11.06"]
[EventType "swiss"]
[EventRounds "6"]
[EventCountry "CAN"]
[SourceTitle "EXT 2022"]
[Source "ChessBase"]
[SourceDate "2021.10.06"]
[SourceVersion "1"]
[SourceVersionDate "2021.10.06"]
[SourceQuality "1"]

1. d4 d5 2. Nf3 Nf6 3. e3 Bf5 4. c4 e6 5. Nc3 Be7 6. Nh4 Bg6 7. Nxg6 hxg6 8. Qb3 b6 9. cxd5 exd5 10. Bb5+ c6 11. Bd3 Qc7 12. f4 Nbd7 13. O-O g5 14. Bd2 g4 15. Rac1 Qd6 16. g3 O-O 17. Bf5 g6 18. Bd3 Kg7 19. Kg2 Rac8 20. Qa4 Qb8 21. f5 b5 22. Qd1 b4 23. Ne2 g5 24. Ng1 Rh8 25. Qe2 c5 26. Bb5 Ne4 27. Be1 Ndf6 28. Ba6 Rc6 29. Bb5 Rcc8 30. Ba6 Rcd8 31. Bd3 cxd4 32. exd4 Rh5 33. Bxe4 dxe4 34. h3 gxh3+ 35. Nxh3 Rdh8 36. Rh1 e3 37. d5 g4 38. Qxe3 gxh3+ 39. Kg1 Ng4 40. Qd3 Qe5 41. d6 h2+ 42. Kf1 Ne3+ 0-1

[Event "Mike Shpan mem."]
[Site "Winnipeg CAN"]
[Date "2007.11.13"]
[Round "2"]
[White "Letain, Cory"]
[Black "Atem, James"]
[Result "0-1"]
[WhiteElo "1343"]
[BlackElo "1705"]
[PlyCount "68"]
[GameId "2160767910574402"]
[EventDate "2007.11.06"]
[EventType "swiss"]
[EventRounds "6"]
[EventCountry "CAN"]
[SourceTitle "EXT 2022"]
[Source "ChessBase"]
[SourceDate "2021.10.06"]
[SourceVersion "1"]
[SourceVersionDate "2021.10.06"]
[SourceQuality "1"]

1. e4 c5 2. Nf3 Nc6 3. d4 e6 4. Bb5 Nf6 5. Nc3 Qa5 6. O-O Nxe4 7. Nxe4 Qxb5 8. d5 Nd8 9. Bg5 f6 10. Bh4 Qc4 11. Re1 Nf7 12. b3 Qa6 13. c4 e5 14. h3 d6 15. Qd2 Bd7 16. Nh2 Be7 17. f4 O-O 18. fxe5 Nxe5 19. Re3 Ng6 20. Qf2 b5 21. Rae1 Rae8 22. Qe2 Nxh4 23. Nxc5 dxc5 24. Rxe7 Rxe7 25. Qxe7 Re8 26. Qxd7 Rxe1+ 27. Nf1 bxc4 28. Qd8+ Kf7 29. d6 cxb3 30. Qd7+ Kf8 31. Qd8+ Re8 32. Qc7 bxa2 33. d7 Qxf1+ 34. Kxf1 a1=Q+ 0-1

[Event "Mike Shpan mem."]
[Site "Winnipeg CAN"]
[Date "2007.11.13"]
[Round "2"]
[White "Mundwiler, Les"]
[Black "Wasserman, Arie"]
[Result "1-0"]
[WhiteElo "2003"]
[BlackElo "1583"]
[PlyCount "41"]
[GameId "2160767910574403"]
[EventDate "2007.11.06"]
[EventType "swiss"]
[EventRounds "6"]
[EventCountry "CAN"]
[SourceTitle "EXT 2022"]
[Source "ChessBase"]
[SourceDate "2021.10.06"]
[SourceVersion "1"]
[SourceVersionDate "2021.10.06"]
[SourceQuality "1"]

1. c4 e5 2. Nc3 Nf6 3. e4 Bc5 4. h3 Nc6 5. Nge2 d6 6. Ng3 Nd4 7. d3 c6 8. Be2 Qa5 9. Bd2 Qb6 10. Na4 Qd8 11. Bg4 h6 12. Nxc5 dxc5 13. O-O Nxg4 14. hxg4 Qh4 15. Nf5 Bxf5 16. gxf5 Rd8 17. f4 exf4 18. Bxf4 f6 19. g3 Qh3 20. Rf2 h5 21. Rh2 1-0

[Event "Mike Shpan mem."]
[Site "Winnipeg CAN"]
[Date "2007.11.13"]
[Round "2"]
[White "Rutter, Blair"]
[Black "Wood, Nathaniel"]
[Result "1-0"]
[WhiteElo "1880"]
[BlackElo "1603"]
[PlyCount "57"]
[GameId "2160767910574404"]
[EventDate "2007.11.06"]
[EventType "swiss"]
[EventRounds "6"]
[EventCountry "CAN"]
[SourceTitle "EXT 2022"]
[Source "ChessBase"]
[SourceDate "2021.10.06"]
[SourceVersion "1"]
[SourceVersionDate "2021.10.06"]
[SourceQuality "1"]

1. c4 e5 2. g3 Nf6 3. Bg2 d5 4. d3 Bc5 5. Nc3 Be6 6. Qb3 dxc4 7. dxc4 Nbd7 8. Nf3 Bb6 9. Nd5 Nxd5 10. cxd5 Nc5 11. Qb5+ Bd7 12. Qc4 Qe7 13. O-O O-O-O 14. Bd2 h5 15. Rac1 Na6 16. b4 Bg4 17. b5 Nb8 18. Bb4 Qf6 19. Rfd1 a5 20. Bc5 Bxf3 21. Bxb6 Qxb6 22. exf3 Rh6 23. Rc3 Rd7 24. Bh3 Qd6 25. a4 h4 26. Bxd7+ Kxd7 27. Qg4+ Kd8 28. Qxg7 c6 29. Qxf7 1-0

[Event "Mike Shpan mem."]
[Site "Winnipeg CAN"]
[Date "2007.11.13"]
[Round "2"]
[White "Swift, Ryne"]
[Black "Kong, Dezheng"]
[Result "0-1"]
[WhiteElo "1216"]
[BlackElo "1900"]
[PlyCount "22"]
[GameId "2160767910574405"]
[EventDate "2007.11.06"]
[EventType "swiss"]
[EventRounds "6"]
[EventCountry "CAN"]
[SourceTitle "EXT 2022"]
[Source "ChessBase"]
[SourceDate "2021.10.06"]
[SourceVersion "1"]
[SourceVersionDate "2021.10.06"]
[SourceQuality "1"]

1. e4 e5 2. Nf3 Nc6 3. d4 exd4 4. Nxd4 Nf6 5. Nc3 Bb4 6. Nxc6 bxc6 7. Bd3 d5 8. exd5 cxd5 9. Qe2+ Be7 10. O-O O-O 11. Re1 Re8 0-1

[Event "Mike Shpan mem."]
[Site "Winnipeg CAN"]
[Date "2007.11.13"]
[Round "2"]
[White "Wasserman, Leor"]
[Black "Hanrahan, Nigel"]
[Result "0-1"]
[WhiteElo "1493"]
[BlackElo "1723"]
[PlyCount "170"]
[GameId "2160767910574406"]
[EventDate "2007.11.06"]
[EventType "swiss"]
[EventRounds "6"]
[EventCountry "CAN"]
[SourceTitle "EXT 2022"]
[Source "ChessBase"]
[SourceDate "2021.10.06"]
[SourceVersion "1"]
[SourceVersionDate "2021.10.06"]
[SourceQuality "1"]

1. e4 c6 2. Nf3 d5 3. exd5 cxd5 4. d4 Nf6 5. Bf4 Bg4 6. Be2 Nc6 7. Nc3 e6 8. Nb5 Bxf3 9. Nc7+ Kd7 10. Bxf3 Rc8 11. Nb5 Qa5+ 12. Nc3 Qb6 13. Ne2 Bd6 14. Bxd6 Kxd6 15. b3 Rc7 16. O-O Ke7 17. Qd2 h6 18. Rfd1 Qb4 19. Qf4 Qd6 20. Qd2 Qb4 21. c3 Qd6 22. Ng3 Rhc8 23. Re1 Kf8 24. Rac1 a6 25. h3 b5 26. Nh5 Nxh5 27. Bxh5 Ne7 28. Qd3 Qf4 29. Re3 Nf5 30. Ree1 Nxd4 31. g3 Qf5 32. Qxd4 Qxh5 33. Kg2 Qg5 34. Rc2 Qf6 35. Qb4+ Qe7 36. Qg4 Rxc3 37. Rd2 Qc5 38. Qf4 Kg8 39. Re5 Rc2 40. Rxc2 Qxc2 41. Rh5 Qe4+ 42. Qxe4 dxe4 43. Re5 Rc2 44. Rxe4 Rxa2 45. g4 Ra3 46. Rb4 Kf8 47. Kf3 Ke7 48. Ke4 Ra2 49. Ke3 Rb2 50. f4 Rh2 51. Kf3 Rxh3+ 52. Kf2 Kd6 53. Rd4+ Kc6 54. f5 exf5 55. gxf5 Rxb3 56. Rg4 g6 57. fxg6 fxg6 58. Rxg6+ Kb7 59. Rxh6 Rc3 60. Rh7+ Rc7 61. Rh8 Kb6 62. Ke3 a5 63. Rb8+ Kc5 64. Kd3 Kb4 65. Rh8 Rc3+ 66. Kd2 a4 67. Rh1 a3 68. Rb1+ Kc4 69. Rh1 a2 70. Rh8 Kb3 71. Rh1 Rc4 72. Ra1 Kb2 73. Rxa2+ Kxa2 74. Kd3 Kb3 75. Ke3 Kc3 76. Ke2 Rd4 77. Ke3 b4 78. Kf3 Kd3 79. Kf2 Re4 80. Kf3 b3 81. Kf2 Rf4+ 82. Kg3 Ke3 83. Kg2 Rf3 84. Kh2 Kf2 85. Kh1 Rh3# 0-1

[Event "Mike Shpan mem."]
[Site "Winnipeg CAN"]
[Date "2007.11.13"]
[Round "2"]
[White "Wierda, John"]
[Black "Trueman, Francis"]
[Result "0-1"]
[WhiteElo "1713"]
[BlackElo "1452"]
[PlyCount "45"]
[GameId "2160767910574407"]
[EventDate "2007.11.06"]
[EventType "swiss"]
[EventRounds "6"]
[EventCountry "CAN"]
[SourceTitle "EXT 2022"]
[Source "ChessBase"]
[SourceDate "2021.10.06"]
[SourceVersion "1"]
[SourceVersionDate "2021.10.06"]
[SourceQuality "1"]

1. e4 d6 2. Nf3 Nf6 3. Nc3 g6 4. Bc4 Bg7 5. O-O O-O 6. d4 Nbd7 7. Re1 e5 8. d5 a5 9. Be3 b6 10. Qd2 Nc5 11. Bg5 Qe8 12. h3 Bd7 13. a3 b5 14. Bd3 Rb8 15. b4 Nxd3 16. Qxd3 h6 17. Be3 Nh7 18. h4 f5 19. Qd2 f4 20. Nh2 fxe3 21. Rxe3 axb4 22. axb4 h5 23. Rg3 0-1

[Event "Mike Shpan mem."]
[Site "Winnipeg CAN"]
[Date "2007.11.20"]
[Round "3"]
[White "Atem, James"]
[Black "Swift, Ryne"]
[Result "1-0"]
[WhiteElo "1705"]
[BlackElo "1216"]
[PlyCount "77"]
[GameId "2160767910574408"]
[EventDate "2007.11.06"]
[EventType "swiss"]
[EventRounds "6"]
[EventCountry "CAN"]
[SourceTitle "EXT 2022"]
[Source "ChessBase"]
[SourceDate "2021.10.06"]
[SourceVersion "1"]
[SourceVersionDate "2021.10.06"]
[SourceQuality "1"]

1. c4 c5 2. Nf3 Nf6 3. Nc3 Nc6 4. g3 d6 5. a3 g6 6. Bg2 Qb6 7. d3 Bg7 8. Na4 Qc7 9. Rb1 Bd7 10. Nc3 O-O 11. O-O Rac8 12. Bg5 Rfe8 13. Qc1 Be6 14. Bh6 Qd7 15. Bxg7 Kxg7 16. Ng5 Rb8 17. Nd5 Bxd5 18. cxd5 Nd8 19. Qc3 Kg8 20. e4 Qc7 21. b4 b6 22. b5 Nb7 23. f4 Rf8 24. e5 Ne8 25. Kh1 Rc8 26. Bh3 Rb8 27. Rfe1 Qd8 28. f5 dxe5 29. Rxe5 Nf6 30. fxg6 hxg6 31. Bg2 Nd6 32. a4 Nde8 33. Rbe1 Nc7 34. Qc4 Qd6 35. Rxe7 Nfxd5 36. R7e2 Nb4 37. Qh4 Kg7 38. Qh7+ Kf6 39. Ne4+ 1-0

[Event "Mike Shpan mem."]
[Site "Winnipeg CAN"]
[Date "2007.11.20"]
[Round "3"]
[White "Campbell, Gary"]
[Black "Wasserman, Leor"]
[Result "1-0"]
[WhiteElo "1665"]
[BlackElo "1493"]
[PlyCount "149"]
[GameId "2160767910574409"]
[EventDate "2007.11.06"]
[EventType "swiss"]
[EventRounds "6"]
[EventCountry "CAN"]
[SourceTitle "EXT 2022"]
[Source "ChessBase"]
[SourceDate "2021.10.06"]
[SourceVersion "1"]
[SourceVersionDate "2021.10.06"]
[SourceQuality "1"]

1. d4 d5 2. c4 e6 3. Nc3 Nf6 4. Bg5 c5 5. Nf3 Nc6 6. cxd5 exd5 7. dxc5 Bxc5 8. e3 Be6 9. Bb5 O-O 10. O-O Bg4 11. Be2 Be7 12. h3 Bh5 13. Rc1 a6 14. a3 Qd7 15. b4 Rad8 16. Nd4 Nxd4 17. Qxd4 Bxe2 18. Nxe2 h6 19. Bh4 Ne4 20. Bxe7 Qxe7 21. Nc3 Qe6 22. Rfd1 Qf5 23. Nxe4 Qxe4 24. Rc5 Qxd4 25. Rxd4 Rc8 26. Rdxd5 Rxc5 27. Rxc5 Rd8 28. Rc7 Rd3 29. a4 b6 30. Rc6 Ra3 31. Rxb6 Rxa4 32. g4 a5 33. bxa5 Rxa5 34. Kg2 f5 35. Kg3 fxg4 36. hxg4 Ra1 37. e4 Re1 38. f3 Kf7 39. Kf2 Ra1 40. Rd6 Ra2+ 41. Ke3 Ra3+ 42. Rd3 Ra6 43. f4 Ra1 44. f5 Rf1 45. e5 Re1+ 46. Kf4 Rf1+ 47. Rf3 Re1 48. e6+ Kg8 49. Re3 Rf1+ 50. Ke5 Kf8 51. Rc3 Re1+ 52. Kd6 Rd1+ 53. Ke5 Re1+ 54. Kf4 Rf1+ 55. Kg3 Re1 56. Kh4 Rh1+ 57. Rh3 Re1 58. Kh5 Ra1 59. Rb3 Ra8 60. Rb7 Ra1 61. Rf7+ Ke8 62. Rxg7 Rh1+ 63. Kg6 Ra1 64. Kf6 Kf8 65. Rh7 Kg8 66. Rxh6 Ra6 67. Rg6+ Kh7 68. Rg7+ Kh8 69. Rd7 Kg8 70. g5 Kh8 71. g6 Ra8 72. e7 Re8 73. Rd8 Rg8 74. Rxg8+ Kxg8 75. e8=Q# 1-0

[Event "Mike Shpan mem."]
[Site "Winnipeg CAN"]
[Date "2007.11.20"]
[Round "3"]
[White "Greenberg, Harley"]
[Black "Green, Jim"]
[Result "1/2-1/2"]
[WhiteElo "1800"]
[BlackElo "1725"]
[PlyCount "66"]
[GameId "2160767910574410"]
[EventDate "2007.11.06"]
[EventType "swiss"]
[EventRounds "6"]
[EventCountry "CAN"]
[SourceTitle "EXT 2022"]
[Source "ChessBase"]
[SourceDate "2021.10.06"]
[SourceVersion "1"]
[SourceVersionDate "2021.10.06"]
[SourceQuality "1"]

1. d4 d5 2. c4 c6 3. Nc3 Nf6 4. Nf3 a6 5. g3 g6 6. Bg2 Bg7 7. cxd5 Nxd5 8. O-O O-O 9. e4 Nxc3 10. bxc3 c5 11. Be3 Bg4 12. Qb3 Qc8 13. Rab1 b5 14. dxc5 Be6 15. Qa3 Nc6 16. Rfd1 Bc4 17. e5 Rb8 18. Bd4 h6 19. Re1 Qe6 20. Nd2 Bxa2 21. Ra1 Bd5 22. Qxa6 Bxg2 23. Kxg2 b4 24. Rab1 Nxd4 25. Qxe6 Nxe6 26. cxb4 Rb5 27. Nc4 Rfb8 28. Nb6 Nd4 29. Red1 Nc6 30. f4 f6 31. exf6 Bxf6 32. Nd7 R8b7 33. Nxf6+ exf6 1/2-1/2

[Event "Mike Shpan mem."]
[Site "Winnipeg CAN"]
[Date "2007.11.20"]
[Round "3"]
[White "Hanrahan, Nigel"]
[Black "Crawford, Gary"]
[Result "1-0"]
[WhiteElo "1723"]
[BlackElo "1285"]
[PlyCount "103"]
[GameId "2160767910574411"]
[EventDate "2007.11.06"]
[EventType "swiss"]
[EventRounds "6"]
[EventCountry "CAN"]
[SourceTitle "EXT 2022"]
[Source "ChessBase"]
[SourceDate "2021.10.06"]
[SourceVersion "1"]
[SourceVersionDate "2021.10.06"]
[SourceQuality "1"]

1. c4 c6 2. e4 e6 3. d4 d5 4. exd5 exd5 5. Nc3 Nf6 6. Nf3 h6 7. h3 Be6 8. Qb3 b6 9. Be3 Be7 10. Rc1 O-O 11. Bd3 Nbd7 12. O-O Re8 13. Rfe1 dxc4 14. Bxc4 Bxc4 15. Qxc4 Qc7 16. d5 c5 17. Nb5 Qb8 18. Bf4 Qb7 19. Nc7 b5 20. Qd3 c4 21. Qd1 Rad8 22. Nxe8 Nxd5 23. Nd6 Bxd6 24. Bxd6 N7f6 25. Be7 Rd7 26. Bxf6 Nxf6 27. Qe2 Nd5 28. Qe8+ Kh7 29. Qe4+ Kg8 30. Rcd1 Nf6 31. Qxb7 Rxb7 32. Kf1 Kh7 33. Re5 Ng8 34. Red5 Nf6 35. Rd8 b4 36. Rc1 b3 37. axb3 Rxb3 38. Rxc4 Rxb2 39. g4 Rb7 40. Ra4 Nd7 41. Ra5 Nb6 42. Rb5 f6 43. Nd2 Rc7 44. Rd3 Nc8 45. Ra5 Rc1+ 46. Kg2 Rd1 47. Ra2 Nb6 48. Rd4 Nc8 49. Nf3 Rc1 50. Rdd2 Rc6 51. Rdc2 Ne7 52. Rxc6 1-0

[Event "Mike Shpan mem."]
[Site "Winnipeg CAN"]
[Date "2007.11.20"]
[Round "3"]
[White "Kong, Dezheng"]
[Black "Mundwiler, Les"]
[Result "0-1"]
[WhiteElo "1900"]
[BlackElo "2003"]
[PlyCount "136"]
[GameId "2160767910574412"]
[EventDate "2007.11.06"]
[EventType "swiss"]
[EventRounds "6"]
[EventCountry "CAN"]
[SourceTitle "EXT 2022"]
[Source "ChessBase"]
[SourceDate "2021.10.06"]
[SourceVersion "1"]
[SourceVersionDate "2021.10.06"]
[SourceQuality "1"]

1. c4 Nf6 2. Nc3 d6 3. Nf3 Nbd7 4. g3 c6 5. Bg2 e5 6. d3 h6 7. O-O Be7 8. Qc2 a5 9. Bd2 Nh7 10. a3 Ng5 11. b4 Nxf3+ 12. exf3 g5 13. b5 c5 14. Rfe1 Nf6 15. Re2 Ra7 16. Rae1 b6 17. Ne4 Nxe4 18. dxe4 Be6 19. Bc1 Kd7 20. Bb2 f6 21. Rd2 Kc8 22. Red1 Rd7 23. Ba1 Qg8 24. Rc1 h5 25. h3 Qf7 26. g4 hxg4 27. fxg4 Kc7 28. Rd3 Rdd8 29. Rg3 Rh4 30. Qc3 Rdh8 31. Bb2 Qg8 32. Qd3 a4 33. Ba1 Qa8 34. Bc3 R4h6 35. Bd2 R6h7 36. Be1 Bc8 37. Bd2 Bb7 38. Re1 Rh4 39. Bc3 Qg8 40. Bd2 Qf7 41. Rc1 Ra8 42. Bf1 Bc8 43. Bg2 Be6 44. Be1 Qh7 45. Bd2 Qg8 46. Be1 Bf7 47. Bd2 Bg6 48. Qe3 Qe6 49. Be1 Rah8 50. Rc3 Qg8 51. Rc1 Qe6 52. Rc3 Be8 53. Rc1 Bd7 54. Rc3 Qf7 55. Rc1 Be6 56. Qc3 R8h6 57. Bd2 Qh7 58. Kf1 Qh8 59. Be1 Qa8 60. Bd2 Bc8 61. Be1 Bb7 62. Qe3 Qg8 63. Qc3 f5 64. exf5 Bxg2+ 65. Kxg2 Qa8+ 66. Kg1 Bf6 67. Kh2 Qe4 68. Qe3 Rxg4 0-1

[Event "Mike Shpan mem."]
[Site "Winnipeg CAN"]
[Date "2007.11.20"]
[Round "3"]
[White "Oberton, Daniel"]
[Black "Kwiatek, Jordan"]
[Result "0-1"]
[WhiteElo "1978"]
[BlackElo "1851"]
[PlyCount "58"]
[GameId "2160767910574413"]
[EventDate "2007.11.06"]
[EventType "swiss"]
[EventRounds "6"]
[EventCountry "CAN"]
[SourceTitle "EXT 2022"]
[Source "ChessBase"]
[SourceDate "2021.10.06"]
[SourceVersion "1"]
[SourceVersionDate "2021.10.06"]
[SourceQuality "1"]

1. e4 c5 2. Nf3 Nc6 3. d4 cxd4 4. Nxd4 e5 5. Nb5 d6 6. N1c3 a6 7. Na3 b5 8. Nd5 Nce7 9. c4 Nxd5 10. cxd5 g6 11. Be2 Bg7 12. O-O Nf6 13. f3 O-O 14. Be3 Bd7 15. Rc1 Nh5 16. Qd2 Nf4 17. Bxf4 exf4 18. Rc2 f5 19. Qb4 Be5 20. Kh1 fxe4 21. fxe4 Qh4 22. Qe1 Qf6 23. b3 g5 24. Rc7 Rf7 25. Qd1 h5 26. Bxh5 Rh7 27. Qe1 Qh6 28. Qd1 Rd8 29. g4 fxg3 0-1

[Event "Mike Shpan mem."]
[Site "Winnipeg CAN"]
[Date "2007.11.20"]
[Round "3"]
[White "Wasserman, Arie"]
[Black "Kaptsan, Aron"]
[Result "0-1"]
[WhiteElo "1583"]
[BlackElo "2003"]
[PlyCount "50"]
[GameId "2160767910574415"]
[EventDate "2007.11.06"]
[EventType "swiss"]
[EventRounds "6"]
[EventCountry "CAN"]
[SourceTitle "EXT 2022"]
[Source "ChessBase"]
[SourceDate "2021.10.06"]
[SourceVersion "1"]
[SourceVersionDate "2021.10.06"]
[SourceQuality "1"]

1. e4 e5 2. Nf3 Nc6 3. Nc3 d6 4. Bc4 Be7 5. h3 Nf6 6. d3 O-O 7. Be3 Na5 8. Bb3 Nxb3 9. axb3 a6 10. d4 exd4 11. Qxd4 Nd7 12. Nd5 Re8 13. Qc3 c6 14. Nxe7+ Qxe7 15. Nd2 Nf6 16. f3 d5 17. Bg5 dxe4 18. Nxe4 Nxe4 19. Bxe7 Nxc3 20. bxc3 Rxe7+ 21. Kf2 Bf5 22. Ra2 Rd8 23. Re1 Rd2+ 24. Kf1 Rxe1+ 25. Kxe1 Rxg2 0-1

[Event "Mike Shpan mem."]
[Site "Winnipeg CAN"]
[Date "2007.11.27"]
[Round "4"]
[White "Green, Jim"]
[Black "Kernetsky, Myron"]
[Result "1/2-1/2"]
[WhiteElo "1725"]
[BlackElo "1926"]
[PlyCount "61"]
[GameId "2160767910574417"]
[EventDate "2007.11.06"]
[EventType "swiss"]
[EventRounds "6"]
[EventCountry "CAN"]
[SourceTitle "EXT 2022"]
[Source "ChessBase"]
[SourceDate "2021.10.06"]
[SourceVersion "1"]
[SourceVersionDate "2021.10.06"]
[SourceQuality "1"]

1. e4 e6 2. d3 d5 3. Nd2 Nf6 4. Ngf3 c5 5. g3 Nc6 6. Bg2 Be7 7. O-O O-O 8. c3 Rb8 9. Re1 b5 10. h4 Bb7 11. e5 Nd7 12. Nf1 b4 13. N1h2 bxc3 14. bxc3 Ba6 15. Ng4 Re8 16. h5 Qa5 17. Qd2 Red8 18. h6 g6 19. Qc2 Qb5 20. Bf1 Qa5 21. Bd2 Qc7 22. Bf4 Re8 23. Reb1 Rxb1 24. Rxb1 Rb8 25. Rxb8+ Qxb8 26. Qd2 Qd8 27. Qc2 Qa5 28. Bd2 Qb6 29. Qc1 Qb8 30. Bf4 Qb6 31. Qc2 1/2-1/2

[Event "Mike Shpan mem."]
[Site "Winnipeg CAN"]
[Date "2007.11.27"]
[Round "4"]
[White "Kaptsan, Aron"]
[Black "Hanrahan, Nigel"]
[Result "1-0"]
[WhiteElo "2003"]
[BlackElo "1723"]
[PlyCount "67"]
[GameId "2160767910574418"]
[EventDate "2007.11.06"]
[EventType "swiss"]
[EventRounds "6"]
[EventCountry "CAN"]
[SourceTitle "EXT 2022"]
[Source "ChessBase"]
[SourceDate "2021.10.06"]
[SourceVersion "1"]
[SourceVersionDate "2021.10.06"]
[SourceQuality "1"]

1. e4 c6 2. d4 d5 3. exd5 cxd5 4. c4 Nf6 5. Nf3 e6 6. Nc3 Bb4 7. Bg5 O-O 8. Rc1 h6 9. Bh4 Nbd7 10. a3 Bxc3+ 11. Rxc3 b6 12. cxd5 exd5 13. Be2 Bb7 14. O-O Rc8 15. Ne5 Rxc3 16. bxc3 Qc7 17. Nxd7 Nxd7 18. Qd2 Qd6 19. Qb2 Nf6 20. Bxf6 Qxf6 21. Bf3 Ba8 22. Re1 Qd6 23. h3 Bc6 24. Qb4 Qxb4 25. cxb4 Rd8 26. Re7 a5 27. bxa5 bxa5 28. Rc7 Ba8 29. Ra7 Kf8 30. Rxa5 Ke7 31. Kf1 g6 32. Ke2 f5 33. Ra6 Kf7 34. Rxa8 1-0

[Event "Mike Shpan mem."]
[Site "Winnipeg CAN"]
[Date "2007.11.27"]
[Round "4"]
[White "Kwiatek, Jordan"]
[Black "Kong, Dezheng"]
[Result "1-0"]
[WhiteElo "1851"]
[BlackElo "1900"]
[PlyCount "53"]
[GameId "2160767910574419"]
[EventDate "2007.11.06"]
[EventType "swiss"]
[EventRounds "6"]
[EventCountry "CAN"]
[SourceTitle "EXT 2022"]
[Source "ChessBase"]
[SourceDate "2021.10.06"]
[SourceVersion "1"]
[SourceVersionDate "2021.10.06"]
[SourceQuality "1"]

1. d4 d5 2. Bg5 Nf6 3. Bxf6 exf6 4. e3 Be7 5. Ne2 O-O 6. Nd2 Re8 7. g3 Nd7 8. Bg2 Nf8 9. O-O Bf5 10. c4 dxc4 11. Bxb7 Bh3 12. Re1 Rb8 13. Bc6 Nd7 14. Nf4 Bf5 15. Nxc4 Rf8 16. e4 Nb6 17. exf5 Nxc4 18. Qe2 Bb4 19. Qxc4 Bxe1 20. Rxe1 Rxb2 21. Re4 Qb8 22. Ng6 Rd8 23. Re7 Rf8 24. Nxf8 Rb1+ 25. Kg2 Qxf8 26. Re8 Rb6 27. Rxf8+ 1-0